| 000 | 00977cam a22002895a 4500 | ||
|---|---|---|---|
| 001 | 9158816 | ||
| 005 | 20170213114436.0 | ||
| 008 | 080924r20162009enka fr 001 0 eng d | ||
| 020 | _a9780443067730 (pbk.) | ||
| 020 | _a0443067732 (pbk.) | ||
| 040 |
_aUKM _cUKM _dCtY-M _dEG-ScBUE _beng |
||
| 082 | 0 | 4 |
_222 _a615.1 _bDAL |
| 100 | 1 | _aDale, M. Maureen. | |
| 245 | 1 | 0 |
_aPharmacology condensed / _cM. M. Dale, D. G. Haylett. |
| 250 | _a2nd ed., Reprint ed. | ||
| 260 |
_a[London] : _bChurchill Livingstone / Elsevier, _c2016. |
||
| 300 |
_a127 p. : _bill. ; _c28 cm. |
||
| 500 | _aCompanion v. to: Pharmacology / H.P. Rang ... [et al.], 6th ed. 2007. | ||
| 500 | _aReprinted of the 2009 edition. | ||
| 500 | _aIncludes index. | ||
| 650 | 0 |
_aPharmacology _vHandbooks, manuals, etc. _2BUEsh |
|
| 653 |
_bPPhrm _cFebruary2017 |
||
| 690 | 4 | _aUnited States Medical Licensing Examination (USMLE). | |
| 690 | 4 | _aMedical Board Review. | |
| 700 | 1 | _aHaylett, D. G. | |
| 942 | _2ddc | ||
| 999 |
_c24130 _d24102 |
||